000 00887cam a22002897a 4500
003 CHAP
005 20220329135048.0
008 971013s1964 r 00010 d
010 _a30326
011 _a31298
035 _a35410
040 _cCHAP
082 _a519.5
_bM35
100 0 0 _aMandel, John.
_970347
245 1 4 _aThe statistical analysis of experimental data
260 _aNew York :
_bInterscience,
_c1964
300 _a410 p
590 _aBATCH-UPD
_b10
_c20130110
_lUCH01
_h2105
590 _aBATCH-UPD
_b10
_c20130410
_lUCH01
_h1417
590 _aBATCH-UPD
_b10
_c20130914
_lUCH01
_h1323
590 _aCONVERSION
_b10
_c20130109
_lUCH01
_h1317
650 1 4 _aEstadística.
_938241
901 _aBK
942 _cLIBRO
949 _a519.5 M35
_bBC
_cLIBRO
_d33724000388237
_eLIBRO
_fc.2
_h28204
_i35410
_si
949 _a519.5 M35
_bBC
_cLIBRO
_d33724000388245
_eLIBRO
_h17144
_i35410
_si
999 _c30326
_d30326